Phylogénie : Carnivora - Statistiques

Statistiques générales
  • Ce quiz a été pris 34 fois
  • Le résultat moyen est 6 sur 16
Statistiques - réponses
Ordre % Correct
Caniformes / Caniformia Canidés / Canidae
100%
Féliformes / Feliformia Felidés / Felidae
87%
Caniformes / Caniformia Ursidés / Ursidae
70%
Caniformes / Caniformia Mustelidés / Mustelidae
65%
Féliformes / Feliformia Hyenidés / Hyenidae
43%
Caniformes / Caniformia Otariidés / Otariidae
35%
Caniformes / Caniformia Phocidés / Phocidae
35%
Féliformes / Feliformia Viverridés / Viverridae
35%
Caniformes / Caniformia Procyonidés / Procyonidae
26%
Caniformes / Caniformia Ailuridés / Ailuridae
17%
Caniformes / Caniformia Odobenidés / Odobenidae
17%
Caniformes / Caniformia Mephitidés / Mephitidae
13%
Féliformes / Feliformia Eupleridés / Eupleridae
9%
Féliformes / Feliformia Herpestidés / Herpestidae
9%
Féliformes / Feliformia Nandinidés / Nandiniidae
9%
Féliformes / Feliformia Prionodontidés / Prionodontidae
9%
Aucun quiz correspondant
Distribution des résultats
% des personnes avec chaque résultat
Percentile par nombre de réponses
Votre historique - résultats
Vous n’avez pas pris ce quiz